00610cam a2200205ua 45000010005000000080039000050400009000440820012000531000029000652450045000942500009001392600036001483000016001846530013002006530022002136530027002359420007002629990015002699520120002842634110829n ii |||gr||||Z||||||asm cMAIN a491.4511 aPathak, Ramesh,eAuthor.11aAsamiya bhasar itihashcby Ramesh Pathak a1st. aNalbari:bJournal emporium,985. a87p:c23cm. aLanguage aAssamese language aAsamiya bhasar itihash cBK c2485d2485 00104070aMAINbMAINcGENd2020-09-19l1o491.451 | PATp7653r2024-09-26 03:56:02s2024-09-13t1w2020-09-19yBK